Most Buddhist Countries (That Aren't Primarily Buddhist) - Statistics

General Stats
  • This quiz has been taken 44 times
  • The average score is 15 of 22
Answer Stats
Percentage Country % Correct
18.3% China
97%
1.2% United States
97%
0.8% Canada
94%
0.8% India
94%
22.9% South Korea
94%
0.7% Indonesia
89%
10.3% Nepal
86%
16.4% Vietnam
86%
2.7% Australia
83%
17.7% Malaysia
83%
21.3% Taiwan
83%
1.12% New Zealand
80%
1.5% North Korea
80%
1.5% Philippines
74%
8.6% Brunei
57%
2.8% Kuwait
31%
0.8% Oman
31%
2% United Arab Emirates
31%
3.1% Qatar
29%
2.5% Bahrain
26%
0.8% Palau
20%
1.1% Nauru
14%
No matching quizzes found
Score Distribution
Percent of People with Each Score
Percentile by Number Answered
Your Score History
You have not taken this quiz